[Event "BPB Limburg Open - Group A"]
[Site "chess24.com"]
[Date "2016.05.13"]
[Round "1"]
[White "Lai, Hing Ting"]
[Black "Bauer, Christian"]
[Result "1/2-1/2"]
[Board "1"]
[WhiteTitle "FM"]
[WhiteElo "2332"]
[WhiteCountry "NED"]
[WhiteFideId "1038257"]
[WhiteEloChange "7"]
[BlackTitle "GM"]
[BlackElo "2634"]
[BlackCountry "FRA"]
[BlackFideId "603767"]
[BlackEloChange "-4"]

1. c4 {[%clk 2:00:28]} b6 {[%clk 2:00:22]} 2. Nc3 {[%clk 2:00:30]} Bb7 {[%clk
2:00:31]} 3. e4 {[%clk 2:00:28]} e6 {[%clk 2:00:16]} 4. g3 {[%clk 2:00:20]} f5
{[%clk 2:00:09]} 5. Bg2 {[%clk 2:00:26]} Nf6 {[%clk 2:00:10]} 6. d3 {[%clk
2:00:04]} fxe4 {[%clk 1:59:54]} 7. Nge2 {[%clk 1:59:33]} Nc6 {[%clk 1:59:33]} 8.
dxe4 {[%clk 1:59:33]} Bc5 {[%clk 1:59:05]} 9. h3 {[%clk 1:58:16]} O-O {[%clk
1:54:22]} 10. O-O {[%clk 1:57:55]} Ne5 {[%clk 1:53:07]} 11. b3 {[%clk 1:56:51]}
Qe8 {[%clk 1:51:50]} 12. Bf4 {[%clk 1:35:51]} d6 {[%clk 1:39:30]} 13. a3 {[%clk
1:32:40]} a5 {[%clk 1:37:56]} 14. Rb1 {[%clk 1:32:18]} Bxa3 {[%clk 1:16:47]} 15.
Nb5 {[%clk 1:30:18]} Bc5 {[%clk 1:16:23]} 16. Nxc7 {[%clk 1:22:45]} Qg6 {[%clk
1:11:48]} 17. Nxe6 {[%clk 1:12:38]} Nxe4 {[%clk 1:04:57]} 18. Nxf8 {[%clk
1:05:21]} Rxf8 {[%clk 1:04:12]} 19. Kh2 {[%clk 0:57:16]} Bxf2 {[%clk 0:47:51]}
20. Bxe5 {[%clk 0:45:50]} dxe5 {[%clk 0:47:09]} 21. Qd3 {[%clk 0:45:01]} h5
{[%clk 0:40:58]} 22. Rbd1 {[%clk 0:38:40]} Rf6 {[%clk 0:33:55]} 23. Qd8+ {[%clk
0:32:50]} Kh7 {[%clk 0:32:30]} 24. Qd3 {[%clk 0:32:52]} Bc6 {[%clk 0:31:11]} 25.
h4 {[%clk 0:31:57]} Kh6 {[%clk 0:26:06]} 26. Bh1 {[%clk 0:28:44]} Kh7 {[%clk
0:20:41]} 27. Bg2 {[%clk 0:28:13]} Rf7 {[%clk 0:16:35]} 28. Bh3 {[%clk 0:24:47]}
Rf8 {[%clk 0:08:14]} 29. Bg2 {[%clk 0:24:09]} Rf6 {[%clk 0:08:06]} 30. Bh1 {[%clk
0:22:22]} Qg4 {[%clk 0:06:26]} 31. Bg2 {[%clk 0:20:45]} Rg6 {[%clk 0:04:05]} 32.
Bh3 {[%clk 0:15:27]} Qxe2 {[%clk 0:02:21]} 33. Qxe2 {[%clk 0:15:40]} Bxg3+ {[%clk
0:02:33]} 34. Kg1 {[%clk 0:07:51]} Bf2+ {[%clk 0:02:44]} 35. Kh2 {[%clk 0:07:00]}
Bg3+ {[%clk 0:02:57]} 36. Kg1 {[%clk 0:06:38]} 1/2-1/2

[Event "BPB Limburg Open - Group A"]
[Site "chess24.com"]
[Date "2016.05.13"]
[Round "1"]
[White "Bachmann, Axel"]
[Black "Haast, Anne"]
[Result "1-0"]
[Board "2"]
[WhiteTitle "GM"]
[WhiteElo "2632"]
[WhiteCountry "PAR"]
[WhiteFideId "3700488"]
[WhiteEloChange "1"]
[BlackTitle "WGM"]
[BlackElo "2309"]
[BlackCountry "NED"]
[BlackFideId "1017292"]
[BlackEloChange "-3"]

1. Nf3 {[%clk 2:00:18]} d5 {[%clk 1:59:07]} 2. g3 {[%clk 1:59:34]} g6 {[%clk
1:56:25]} 3. c4 {[%clk 1:58:56]} d4 {[%clk 1:55:01]} 4. e3 {[%clk 1:53:59]} Nc6
{[%clk 1:50:04]} 5. d3 {[%clk 1:43:41]} Bg7 {[%clk 1:47:11]} 6. e4 {[%clk
1:39:19]} e5 {[%clk 1:42:11]} 7. Bg2 {[%clk 1:37:53]} Nge7 {[%clk 1:39:29]} 8.
Qa4 {[%clk 1:36:05]} O-O {[%clk 1:34:35]} 9. b4 {[%clk 1:35:29]} f5 {[%clk
1:34:36]} 10. Nbd2 {[%clk 1:35:25]} h6 {[%clk 1:29:38]} 11. b5 {[%clk 1:28:54]}
Nb8 {[%clk 1:27:16]} 12. exf5 {[%clk 1:28:38]} Nxf5 {[%clk 1:23:22]} 13. O-O
{[%clk 1:13:49]} c5 {[%clk 1:14:56]} 14. bxc6 {[%clk 1:11:13]} Nxc6 {[%clk
1:10:08]} 15. Ba3 {[%clk 1:11:07]} Rf7 {[%clk 0:52:02]} 16. Ne4 {[%clk 1:10:06]}
Bf8 {[%clk 0:52:06]} 17. Rab1 {[%clk 1:08:28]} Nd6 {[%clk 0:49:56]} 18. Nxd6
{[%clk 1:01:49]} Bxd6 {[%clk 0:50:05]} 19. Nd2 {[%clk 1:01:58]} Bxa3 {[%clk
0:47:22]} 20. Qxa3 {[%clk 1:01:56]} Be6 {[%clk 0:47:11]} 21. Ne4 {[%clk 0:45:17]}
b6 {[%clk 0:41:04]} 22. Nd6 {[%clk 0:41:06]} Rc7 {[%clk 0:41:17]} 23. Nb5 {[%clk
0:39:56]} Rcc8 {[%clk 0:41:22]} 24. Rfe1 {[%clk 0:39:46]} Qd7 {[%clk 0:39:50]}
25. f4 {[%clk 0:39:25]} 1-0

[Event "BPB Limburg Open - Group A"]
[Site "chess24.com"]
[Date "2016.05.13"]
[Round "1"]
[White "Schoppen, Casper"]
[Black "Gharamian, Tigran"]
[Result "0-1"]
[Board "3"]
[WhiteElo "2301"]
[WhiteCountry "NED"]
[WhiteFideId "1046730"]
[WhiteEloChange "-3"]
[BlackTitle "GM"]
[BlackElo "2627"]
[BlackCountry "FRA"]
[BlackFideId "13301527"]
[BlackEloChange "1"]

1. e4 {[%clk 2:00:27]} c5 {[%clk 2:00:18]} 2. Nf3 {[%clk 2:00:37]} d6 {[%clk
2:00:27]} 3. d4 {[%clk 2:00:46]} cxd4 {[%clk 2:00:36]} 4. Nxd4 {[%clk 2:00:58]}
Nf6 {[%clk 2:00:44]} 5. Nc3 {[%clk 2:01:08]} a6 {[%clk 2:00:53]} 6. Bg5 {[%clk
2:00:57]} e6 {[%clk 2:00:21]} 7. f4 {[%clk 2:01:06]} Qc7 {[%clk 1:59:50]} 8. Qe2
{[%clk 2:00:39]} Nbd7 {[%clk 1:56:45]} 9. O-O-O {[%clk 1:59:53]} b5 {[%clk
1:50:01]} 10. g4 {[%clk 1:40:53]} b4 {[%clk 1:46:38]} 11. Nd5 {[%clk 1:25:32]}
exd5 {[%clk 1:46:21]} 12. exd5+ {[%clk 1:25:33]} Be7 {[%clk 1:46:24]} 13. Nc6
{[%clk 1:12:20]} Nb8 {[%clk 1:40:50]} 14. Bxf6 {[%clk 1:10:53]} Nxc6 {[%clk
1:18:55]} 15. Bxg7 {[%clk 1:06:56]} Rg8 {[%clk 1:18:34]} 16. Bh6 {[%clk 0:53:03]}
Na5 {[%clk 1:07:35]} 17. f5 {[%clk 0:39:05]} Kd8 {[%clk 1:06:27]} 18. Kb1 {[%clk
0:37:56]} Bf6 {[%clk 0:46:57]} 19. Be3 {[%clk 0:29:29]} Rb8 {[%clk 0:45:05]} 20.
h3 {[%clk 0:21:30]} Re8 {[%clk 0:32:46]} 21. Qd2 {[%clk 0:14:22]} Qc3 {[%clk
0:31:19]} 22. Qxc3 {[%clk 0:12:53]} bxc3 {[%clk 0:31:15]} 23. Bc1 {[%clk
0:13:01]} cxb2 {[%clk 0:29:26]} 24. Bd2 {[%clk 0:13:11]} Nb7 {[%clk 0:29:24]} 25.
Bxa6 {[%clk 0:12:53]} Nc5 {[%clk 0:28:41]} 26. Bc4 {[%clk 0:12:24]} Re4 {[%clk
0:19:10]} 27. Bb3 {[%clk 0:07:39]} Nxb3 {[%clk 0:19:18]} 28. axb3 {[%clk
0:07:14]} Re7 {[%clk 0:19:24]} 29. Ba5+ {[%clk 0:06:54]} Kd7 {[%clk 0:17:40]} 30.
Rhe1 {[%clk 0:05:53]} Rxe1 {[%clk 0:16:19]} 31. Bxe1 {[%clk 0:05:35]} Ra8 {[%clk
0:16:13]} 0-1

[Event "BPB Limburg Open - Group A"]
[Site "chess24.com"]
[Date "2016.05.13"]
[Round "1"]
[White "Fier, Alexandr"]
[Black "Eichhorn, Andreas"]
[Result "1-0"]
[Board "4"]
[WhiteTitle "GM"]
[WhiteElo "2624"]
[WhiteCountry "BRA"]
[WhiteFideId "2107139"]
[WhiteEloChange "1"]
[BlackTitle "FM"]
[BlackElo "2290"]
[BlackCountry "GER"]
[BlackFideId "24617547"]
[BlackEloChange "-3"]

1. d4 {[%clk 2:00:24]} d5 {[%clk 2:00:16]} 2. c4 {[%clk 2:00:34]} e6 {[%clk
2:00:21]} 3. Nc3 {[%clk 2:00:45]} c6 {[%clk 2:00:28]} 4. e3 {[%clk 2:00:34]} f5
{[%clk 1:59:42]} 5. g4 {[%clk 1:59:28]} fxg4 {[%clk 1:59:24]} 6. Qxg4 {[%clk
1:59:03]} Nf6 {[%clk 1:59:48]} 7. Qg2 {[%clk 1:57:21]} Nbd7 {[%clk 1:48:47]} 8.
Bd2 {[%clk 1:55:30]} Nb6 {[%clk 1:43:35]} 9. e4 {[%clk 1:49:44]} dxe4 {[%clk
1:32:03]} 10. Be3 {[%clk 1:45:20]} Qe7 {[%clk 1:24:32]} 11. a3 {[%clk 1:40:37]}
e5 {[%clk 1:22:58]} 12. O-O-O {[%clk 1:38:16]} Bf5 {[%clk 1:22:25]} 13. d5 {[%clk
1:36:36]} O-O-O {[%clk 1:18:16]} 14. d6 {[%clk 1:36:05]} Qf7 {[%clk 1:14:21]} 15.
c5 {[%clk 1:36:06]} Nc4 {[%clk 1:13:24]} 16. Bxc4 {[%clk 1:35:37]} Qxc4 {[%clk
1:13:36]} 17. Ne2 {[%clk 1:35:30]} Bg4 {[%clk 1:07:55]} 18. Rhe1 {[%clk 1:34:54]}
h6 {[%clk 1:01:20]} 19. Kb1 {[%clk 1:34:59]} g5 {[%clk 0:58:22]} 20. Rd2 {[%clk
1:33:23]} Bg7 {[%clk 0:54:45]} 21. Rc1 {[%clk 1:33:29]} Bf3 {[%clk 0:50:58]} 22.
Qh3+ {[%clk 1:33:34]} g4 {[%clk 0:50:45]} 23. Qf1 {[%clk 1:33:45]} Qe6 {[%clk
0:50:06]} 24. Qd1 {[%clk 1:33:53]} Kd7 {[%clk 0:42:55]} 25. Qa4 {[%clk 1:34:01]}
Ra8 {[%clk 0:41:48]} 26. Ng3 {[%clk 1:33:40]} h5 {[%clk 0:40:51]} 27. Ka1 {[%clk
1:33:51]} h4 {[%clk 0:32:00]} 28. Ngxe4 {[%clk 1:34:00]} Nxe4 {[%clk 0:32:06]}
29. Nxe4 {[%clk 1:34:11]} Qf5 {[%clk 0:14:10]} 30. Ng5 {[%clk 1:34:17]} e4 {[%clk
0:12:45]} 31. Qb4 {[%clk 1:33:29]} Rab8 {[%clk 0:12:42]} 32. Rc4 {[%clk 1:31:59]}
Bh6 {[%clk 0:12:01]} 33. Nxf3 {[%clk 1:27:53]} Bxe3 {[%clk 0:11:26]} 34. Rxe4
{[%clk 1:28:06]} Bxd2 {[%clk 0:10:23]} 35. Re7+ {[%clk 1:28:18]} Kc8 {[%clk
0:08:27]} 36. Nxd2 {[%clk 1:28:25]} b6 {[%clk 0:07:52]} 37. Qa4 {[%clk 1:28:27]}
Qxc5 {[%clk 0:07:35]} 38. Qxg4+ {[%clk 1:28:36]} 1-0

[Event "BPB Limburg Open - Group A"]
[Site "chess24.com"]
[Date "2016.05.13"]
[Round "1"]
[White "Rybarczyk, Klaus"]
[Black "Fridman, Daniel"]
[Result "0-1"]
[Board "5"]
[WhiteElo "2284"]
[WhiteCountry "GER"]
[WhiteFideId "4648722"]
[WhiteEloChange "-3"]
[BlackTitle "GM"]
[BlackElo "2614"]
[BlackCountry "GER"]
[BlackFideId "11600454"]
[BlackEloChange "1"]

1. Nf3 {[%clk 2:00:15]} d5 {[%clk 2:00:15]} 2. c4 {[%clk 2:00:15]} d4 {[%clk
2:00:15]} 3. g3 {[%clk 2:00:15]} Nc6 {[%clk 2:00:15]} 4. Bg2 {[%clk 2:00:15]} e5
{[%clk 2:00:15]} 5. d3 {[%clk 2:00:15]} Nf6 {[%clk 2:00:15]} 6. O-O {[%clk
2:00:15]} Nd7 {[%clk 2:00:15]} 7. e3 {[%clk 2:00:15]} Be7 {[%clk 2:00:15]} 8.
exd4 {[%clk 2:00:15]} exd4 {[%clk 2:00:15]} 9. Re1 {[%clk 2:00:15]} O-O {[%clk
2:00:15]} 10. Na3 {[%clk 2:00:15]} Nc5 {[%clk 2:00:15]} 11. Ne5 {[%clk 2:00:15]}
Nxe5 {[%clk 2:00:15]} 12. Rxe5 {[%clk 2:00:15]} c6 {[%clk 2:00:15]} 13. Nc2
{[%clk 2:00:15]} a5 {[%clk 2:00:15]} 14. b3 {[%clk 2:00:15]} Na6 {[%clk 2:00:15]}
15. a3 {[%clk 2:00:15]} Bf6 {[%clk 2:00:15]} 16. Re1 {[%clk 2:00:15]} Nc5 {[%clk
2:00:15]} 17. Rb1 {[%clk 1:48:49]} Bf5 {[%clk 1:59:54]} 18. Bf1 {[%clk 1:48:14]}
Qd7 {[%clk 1:58:10]} 19. Bf4 {[%clk 1:46:22]} Rfe8 {[%clk 1:56:25]} 20. Qd2
{[%clk 1:44:53]} Rxe1 {[%clk 1:46:37]} 21. Nxe1 {[%clk 1:44:30]} Ne6 {[%clk
1:46:31]} 22. Qc1 {[%clk 1:44:04]} h6 {[%clk 1:42:57]} 23. Bd2 {[%clk 1:42:39]}
Nc5 {[%clk 1:42:11]} 24. Qc2 {[%clk 1:41:29]} a4 {[%clk 1:41:07]} 25. b4 {[%clk
1:40:51]} Nb3 {[%clk 1:41:16]} 26. Bc1 {[%clk 1:40:35]} Re8 {[%clk 1:40:07]} 27.
Bd2 {[%clk 1:29:53]} Bg4 {[%clk 1:11:50]} 28. Ng2 {[%clk 1:03:52]} g5 {[%clk
1:07:22]} 29. Re1 {[%clk 1:02:38]} b6 {[%clk 1:06:46]} 30. Rxe8+ {[%clk 0:59:05]}
Qxe8 {[%clk 1:06:15]} 31. Ne1 {[%clk 0:58:56]} Qe6 {[%clk 0:59:13]} 32. Ng2
{[%clk 0:54:34]} Be7 {[%clk 0:54:24]} 33. f4 {[%clk 0:46:06]} Bf3 {[%clk
0:41:44]} 34. Ne1 {[%clk 0:45:03]} Bh5 {[%clk 0:41:12]} 35. Ng2 {[%clk 0:44:23]}
b5 {[%clk 0:36:00]} 36. cxb5 {[%clk 0:42:35]} cxb5 {[%clk 0:36:08]} 37. Be1
{[%clk 0:40:47]} Bf3 {[%clk 0:36:13]} 38. Bf2 {[%clk 0:39:51]} Bc6 {[%clk
0:34:01]} 39. fxg5 {[%clk 0:38:36]} Bxg5 {[%clk 0:33:59]} 40. h4 {[%clk 0:37:12]}
Bc1 {[%clk 0:32:14]} 41. Bxd4 {[%clk 0:23:08]} Bxg2 {[%clk 0:31:30]} 42. Bxg2
{[%clk 0:23:17]} Nxd4 {[%clk 0:31:36]} 0-1

[Event "BPB Limburg Open - Group A"]
[Site "chess24.com"]
[Date "2016.05.13"]
[Round "1"]
[White "Socko, Bartosz"]
[Black "Decoster, Frederic"]
[Result "1-0"]
[Board "6"]
[WhiteTitle "GM"]
[WhiteElo "2600"]
[WhiteCountry "POL"]
[WhiteFideId "1107038"]
[WhiteEloChange "1"]
[BlackTitle "FM"]
[BlackElo "2281"]
[BlackCountry "BEL"]
[BlackFideId "204269"]
[BlackEloChange "-3"]

1. e4 {[%clk 2:00:27]} c5 {[%clk 2:00:15]} 2. Nf3 {[%clk 2:00:37]} d6 {[%clk
2:00:22]} 3. d4 {[%clk 2:00:47]} cxd4 {[%clk 2:00:32]} 4. Nxd4 {[%clk 2:00:54]}
Nf6 {[%clk 2:00:37]} 5. Nc3 {[%clk 2:01:06]} g6 {[%clk 2:00:37]} 6. Be3 {[%clk
2:01:14]} Bg7 {[%clk 2:00:40]} 7. f3 {[%clk 2:01:22]} Nc6 {[%clk 2:00:45]} 8. Qd2
{[%clk 2:01:27]} O-O {[%clk 2:00:52]} 9. O-O-O {[%clk 2:01:33]} d5 {[%clk
2:00:59]} 10. exd5 {[%clk 2:01:39]} Nxd5 {[%clk 2:01:01]} 11. Nxc6 {[%clk
2:01:48]} bxc6 {[%clk 2:01:10]} 12. Bd4 {[%clk 2:01:57]} Bxd4 {[%clk 1:58:47]}
13. Qxd4 {[%clk 2:02:06]} Qb6 {[%clk 1:58:04]} 14. Na4 {[%clk 2:02:14]} Qc7
{[%clk 1:57:54]} 15. Bc4 {[%clk 2:02:19]} Rd8 {[%clk 1:56:36]} 16. g4 {[%clk
2:02:27]} Be6 {[%clk 1:47:56]} 17. Nc5 {[%clk 2:02:22]} Nf4 {[%clk 1:38:48]} 18.
Nxe6 {[%clk 2:02:28]} Nxe6 {[%clk 1:37:50]} 19. Qe4 {[%clk 2:02:31]} Rxd1+ {[%clk
1:27:30]} 20. Rxd1 {[%clk 2:02:24]} Rd8 {[%clk 1:27:13]} 21. Bxe6 {[%clk
1:56:53]} Rxd1+ {[%clk 1:25:44]} 22. Kxd1 {[%clk 1:57:00]} Qd6+ {[%clk 1:25:26]}
23. Kc1 {[%clk 1:57:04]} fxe6 {[%clk 1:25:14]} 24. h4 {[%clk 1:57:00]} Kg7 {[%clk
1:12:56]} 25. b4 {[%clk 1:55:25]} a5 {[%clk 1:04:42]} 26. bxa5 {[%clk 1:50:46]}
Qa3+ {[%clk 1:04:09]} 27. Kb1 {[%clk 1:50:00]} Qxa5 {[%clk 0:54:57]} 28. Qxe6
{[%clk 1:47:54]} Kf8 {[%clk 0:53:21]} 29. Qe3 {[%clk 1:40:33]} Ke8 {[%clk
0:51:44]} 30. a3 {[%clk 1:39:07]} Kd7 {[%clk 0:38:20]} 31. Ka2 {[%clk 1:37:50]}
Qd5+ {[%clk 0:36:03]} 32. Qb3 {[%clk 1:37:56]} Qc5 {[%clk 0:36:07]} 33. Qd3+
{[%clk 1:36:42]} Kc7 {[%clk 0:35:06]} 34. Qe4 {[%clk 1:36:49]} Kc8 {[%clk
0:32:53]} 35. Kb2 {[%clk 1:36:15]} Kc7 {[%clk 0:32:42]} 36. a4 {[%clk 1:33:01]}
Qb6+ {[%clk 0:32:05]} 37. Kc3 {[%clk 1:33:00]} Qc5+ {[%clk 0:32:02]} 38. Kd3
{[%clk 1:32:29]} Kb7 {[%clk 0:31:19]} 39. Qd4 {[%clk 1:31:04]} Qa3+ {[%clk
0:30:07]} 40. Ke4 {[%clk 1:28:50]} Kc8 {[%clk 0:29:07]} 41. Qc4 {[%clk 1:21:33]}
Kc7 {[%clk 0:28:49]} 42. Qd4 {[%clk 1:20:50]} Kc8 {[%clk 0:28:47]} 43. h5 {[%clk
1:17:11]} gxh5 {[%clk 0:27:24]} 44. gxh5 {[%clk 1:17:10]} h6 {[%clk 0:27:05]} 45.
f4 {[%clk 1:03:56]} Qa2 {[%clk 0:24:52]} 46. Kd3 {[%clk 1:03:18]} Qa3+ {[%clk
0:22:02]} 47. Ke2 {[%clk 1:03:15]} Qh3 {[%clk 0:20:15]} 48. Qe5 {[%clk 1:02:57]}
Qg2+ {[%clk 0:19:04]} 49. Kd3 {[%clk 1:03:05]} Qf3+ {[%clk 0:19:01]} 50. Kd2
{[%clk 1:03:10]} Qa3 {[%clk 0:17:08]} 51. Qe4 {[%clk 0:58:53]} Kc7 {[%clk
0:16:45]} 52. Ke2 {[%clk 0:59:01]} Kb7 {[%clk 0:16:35]} 53. Qc4 {[%clk 0:58:24]}
Qd6 {[%clk 0:16:21]} 54. c3 {[%clk 0:55:26]} Qd7 {[%clk 0:16:19]} 55. Qb4+ {[%clk
0:54:32]} Ka8 {[%clk 0:15:39]} 56. Qa5+ {[%clk 0:53:36]} Kb7 {[%clk 0:15:49]} 57.
Qe5 {[%clk 0:53:32]} Ka6 {[%clk 0:15:17]} 58. f5 {[%clk 0:51:47]} Kb7 {[%clk
0:15:04]} 59. Qe6 {[%clk 0:47:54]} Qc7 {[%clk 0:15:11]} 60. Kd1 {[%clk 0:47:34]}
Kb6 {[%clk 0:14:59]} 61. Qe3+ {[%clk 0:45:54]} Ka6 {[%clk 0:14:49]} 62. Qxh6
{[%clk 0:45:15]} Ka5 {[%clk 0:14:15]} 63. Qe3 {[%clk 0:43:48]} Kxa4 {[%clk
0:12:53]} 64. Qc5 {[%clk 0:43:30]} Kb3 {[%clk 0:12:25]} 65. Qb4+ {[%clk 0:43:39]}
Ka2 {[%clk 0:12:35]} 66. Kc1 {[%clk 0:43:43]} 1-0

[Event "BPB Limburg Open - Group A"]
[Site "chess24.com"]
[Date "2016.05.13"]
[Round "1"]
[White "Van Osch, Mees"]
[Black "Berg, Emanuel"]
[Result "0-1"]
[Board "7"]
[WhiteTitle "FM"]
[WhiteElo "2272"]
[WhiteCountry "NED"]
[WhiteFideId "1035967"]
[WhiteEloChange "-3"]
[BlackTitle "GM"]
[BlackElo "2581"]
[BlackCountry "SWE"]
[BlackFideId "1704060"]
[BlackEloChange "1"]

1. e4 {[%clk 2:00:15]} c5 {[%clk 2:00:15]} 2. Nf3 {[%clk 2:00:15]} d6 {[%clk
2:00:15]} 3. d4 {[%clk 2:00:15]} cxd4 {[%clk 2:00:15]} 4. Nxd4 {[%clk 2:00:15]}
Nf6 {[%clk 2:00:15]} 5. Nc3 {[%clk 2:00:15]} a6 {[%clk 2:00:15]} 6. Nb3 {[%clk
2:00:15]} Nc6 {[%clk 2:00:15]} 7. Be3 {[%clk 2:00:15]} e6 {[%clk 2:00:15]} 8. g4
{[%clk 2:00:15]} h6 {[%clk 2:00:15]} 9. Bg2 {[%clk 2:00:15]} Ne5 {[%clk 2:00:15]}
10. h3 {[%clk 2:00:15]} Nc4 {[%clk 2:00:15]} 11. Qe2 {[%clk 2:00:15]} Nxe3 {[%clk
2:00:15]} 12. Qxe3 {[%clk 2:00:15]} Qc7 {[%clk 2:00:15]} 13. O-O-O {[%clk
2:00:15]} Nd7 {[%clk 2:00:15]} 14. f4 {[%clk 2:00:15]} g5 {[%clk 1:49:58]} 15. f5
{[%clk 1:41:16]} Ne5 {[%clk 1:49:14]} 16. Bf1 {[%clk 1:40:45]} Bd7 {[%clk
1:47:21]} 17. Nd4 {[%clk 1:28:50]} b5 {[%clk 1:38:12]} 18. a3 {[%clk 1:26:01]}
Qb6 {[%clk 1:36:11]} 19. h4 {[%clk 1:18:58]} Rg8 {[%clk 1:33:46]} 20. Be2 {[%clk
1:14:06]} Be7 {[%clk 1:27:30]} 21. Kb1 {[%clk 1:08:02]} b4 {[%clk 1:24:59]} 22.
axb4 {[%clk 1:07:18]} Qxb4 {[%clk 1:24:52]} 23. f6 {[%clk 0:58:30]} Bxf6 {[%clk
1:21:40]} 24. Nf5 {[%clk 0:57:35]} exf5 {[%clk 1:16:56]} 25. Nd5 {[%clk 0:57:42]}
Nxg4 {[%clk 1:16:49]} 26. Qc1 {[%clk 0:54:49]} Bxb2 {[%clk 1:15:23]} 27. Qxb2
{[%clk 0:50:39]} Qxb2+ {[%clk 1:15:20]} 28. Kxb2 {[%clk 0:50:52]} Nf2 {[%clk
1:13:26]} 29. hxg5 {[%clk 0:49:16]} hxg5 {[%clk 1:12:08]} 30. e5 {[%clk 0:47:30]}
Nxd1+ {[%clk 1:07:17]} 31. Rxd1 {[%clk 0:47:32]} dxe5 {[%clk 1:07:18]} 32. Nf6+
{[%clk 0:45:54]} Ke7 {[%clk 1:07:26]} 33. Nxd7 {[%clk 0:45:44]} Rad8 {[%clk
1:07:25]} 34. Nxe5 {[%clk 0:45:41]} Rxd1 {[%clk 1:07:25]} 35. Bxd1 {[%clk
0:45:45]} g4 {[%clk 1:07:38]} 36. Kc3 {[%clk 0:44:36]} g3 {[%clk 1:06:35]} 37.
Nf3 {[%clk 0:44:25]} g2 {[%clk 1:06:45]} 38. Ng1 {[%clk 0:44:21]} Rh8 {[%clk
1:06:55]} 39. Kd4 {[%clk 0:43:53]} 0-1

[Event "BPB Limburg Open - Group A"]
[Site "chess24.com"]
[Date "2016.05.13"]
[Round "1"]
[White "Van Foreest, Jorden"]
[Black "Ypma, Peter"]
[Result "1-0"]
[Board "8"]
[WhiteTitle "GM"]
[WhiteElo "2557"]
[WhiteCountry "NED"]
[WhiteFideId "1039784"]
[WhiteEloChange "2"]
[BlackElo "2272"]
[BlackCountry "NED"]
[BlackFideId "1027255"]
[BlackEloChange "-3"]

1. e4 {[%clk 2:00:27]} d5 {[%clk 2:00:23]} 2. exd5 {[%clk 2:00:35]} Nf6 {[%clk
2:00:34]} 3. Bb5+ {[%clk 1:59:41]} Bd7 {[%clk 2:00:02]} 4. Bc4 {[%clk 1:59:20]}
Bg4 {[%clk 1:58:45]} 5. f3 {[%clk 1:53:38]} Bf5 {[%clk 1:58:48]} 6. Nc3 {[%clk
1:49:24]} Nbd7 {[%clk 1:57:58]} 7. g4 {[%clk 1:49:14]} Bg6 {[%clk 1:58:00]} 8. d4
{[%clk 1:40:25]} a6 {[%clk 1:56:44]} 9. Bb3 {[%clk 1:36:51]} Nb6 {[%clk 1:55:58]}
10. f4 {[%clk 1:31:17]} h5 {[%clk 1:54:17]} 11. f5 {[%clk 1:28:11]} Bh7 {[%clk
1:53:58]} 12. g5 {[%clk 1:24:56]} Nfxd5 {[%clk 1:49:53]} 13. Nxd5 {[%clk
1:23:57]} Nxd5 {[%clk 1:50:03]} 14. Qf3 {[%clk 1:16:58]} c6 {[%clk 1:49:16]} 15.
Ne2 {[%clk 1:11:55]} g6 {[%clk 1:43:25]} 16. Nf4 {[%clk 1:06:39]} Nxf4 {[%clk
1:41:50]} 17. Bxf4 {[%clk 1:05:39]} Qa5+ {[%clk 1:37:17]} 18. Bd2 {[%clk
1:05:40]} Qxf5 {[%clk 1:37:03]} 19. Qe3 {[%clk 1:05:51]} Bg8 {[%clk 1:33:50]} 20.
O-O-O {[%clk 1:04:12]} Bg7 {[%clk 1:18:18]} 21. Rhf1 {[%clk 0:56:57]} Qd7 {[%clk
1:17:29]} 22. Ba5 {[%clk 0:56:18]} Qd6 {[%clk 1:13:23]} 23. Qe4 {[%clk 0:51:31]}
Qxh2 {[%clk 1:08:03]} 24. Kb1 {[%clk 0:45:58]} Qd6 {[%clk 1:03:23]} 25. Bb6
{[%clk 0:46:02]} h4 {[%clk 0:59:41]} 26. c4 {[%clk 0:38:01]} Qe6 {[%clk 0:55:56]}
27. Qd3 {[%clk 0:37:01]} f5 {[%clk 0:54:41]} 28. gxf6 {[%clk 0:34:48]} Bxf6
{[%clk 0:54:50]} 29. Rde1 {[%clk 0:33:17]} Qf7 {[%clk 0:54:22]} 30. c5 {[%clk
0:29:15]} Qg7 {[%clk 0:53:44]} 31. Bxg8 {[%clk 0:29:25]} Rxg8 {[%clk 0:53:55]}
32. d5 {[%clk 0:29:26]} g5 {[%clk 0:49:49]} 33. d6 {[%clk 0:29:15]} Qg6 {[%clk
0:49:19]} 34. Rxe7+ {[%clk 0:29:25]} Kf8 {[%clk 0:48:57]} 35. Rf5 {[%clk
0:26:09]} Rg7 {[%clk 0:48:51]} 36. Re6 {[%clk 0:26:11]} Rf7 {[%clk 0:49:02]} 37.
d7 {[%clk 0:25:41]} 1-0

[Event "BPB Limburg Open - Group A"]
[Site "chess24.com"]
[Date "2016.05.13"]
[Round "1"]
[White "Lenaerts, Lennert"]
[Black "Chatalbashev, Boris"]
[Result "0-1"]
[Board "9"]
[WhiteTitle "FM"]
[WhiteElo "2268"]
[WhiteCountry "BEL"]
[WhiteFideId "211435"]
[WhiteEloChange "-3"]
[BlackTitle "GM"]
[BlackElo "2548"]
[BlackCountry "BUL"]
[BlackFideId "2900440"]
[BlackEloChange "2"]

1. d4 {[%clk 2:00:25]} Nf6 {[%clk 2:00:23]} 2. c4 {[%clk 2:00:36]} c5 {[%clk
1:59:58]} 3. d5 {[%clk 2:00:48]} g6 {[%clk 2:00:07]} 4. Nc3 {[%clk 2:00:44]} Bg7
{[%clk 2:00:18]} 5. Nf3 {[%clk 1:59:41]} O-O {[%clk 2:00:25]} 6. e4 {[%clk
1:59:40]} d6 {[%clk 2:00:34]} 7. h3 {[%clk 1:59:48]} e6 {[%clk 2:00:43]} 8. Bd3
{[%clk 1:59:57]} Na6 {[%clk 2:00:53]} 9. O-O {[%clk 1:58:21]} Nc7 {[%clk
2:01:01]} 10. a4 {[%clk 1:56:55]} e5 {[%clk 2:01:10]} 11. Bg5 {[%clk 1:50:28]} h6
{[%clk 2:01:12]} 12. Be3 {[%clk 1:50:38]} Kh8 {[%clk 2:00:26]} 13. Qd2 {[%clk
1:50:20]} Ng8 {[%clk 2:00:35]} 14. Nh2 {[%clk 1:46:17]} f5 {[%clk 2:00:21]} 15.
f4 {[%clk 1:46:21]} exf4 {[%clk 1:59:57]} 16. Bxf4 {[%clk 1:44:54]} g5 {[%clk
1:59:56]} 17. Be3 {[%clk 1:44:21]} f4 {[%clk 1:59:33]} 18. Bf2 {[%clk 1:44:33]}
Ne7 {[%clk 1:45:34]} 19. Rab1 {[%clk 1:34:12]} Na6 {[%clk 1:39:01]} 20. Nb5
{[%clk 1:32:25]} Ng6 {[%clk 1:38:26]} 21. Qd1 {[%clk 1:30:45]} Ne5 {[%clk
1:37:04]} 22. Be2 {[%clk 1:30:32]} Nb4 {[%clk 1:36:01]} 23. Be1 {[%clk 1:30:08]}
a6 {[%clk 1:35:11]} 24. Na3 {[%clk 1:29:50]} Bd7 {[%clk 1:34:03]} 25. b3 {[%clk
1:26:39]} Qf6 {[%clk 1:26:11]} 26. Nc2 {[%clk 1:22:51]} a5 {[%clk 1:14:12]} 27.
Bd2 {[%clk 1:17:01]} Qg6 {[%clk 1:07:02]} 28. Nxb4 {[%clk 1:17:09]} axb4 {[%clk
1:06:46]} 29. Qc2 {[%clk 1:17:18]} Rae8 {[%clk 1:03:44]} 30. Rbe1 {[%clk
1:15:09]} Re7 {[%clk 1:03:39]} 31. Bc1 {[%clk 1:14:40]} h5 {[%clk 0:58:18]} 32.
Qd1 {[%clk 1:00:43]} g4 {[%clk 0:52:26]} 33. Rxf4 {[%clk 0:39:50]} gxh3 {[%clk
0:51:25]} 34. Rxf8+ {[%clk 0:38:34]} Bxf8 {[%clk 0:51:37]} 35. Bf1 {[%clk
0:38:45]} hxg2 {[%clk 0:39:11]} 36. Bxg2 {[%clk 0:37:22]} Rg7 {[%clk 0:38:35]}
37. Re2 {[%clk 0:37:10]} h4 {[%clk 0:36:56]} 38. Kh1 {[%clk 0:37:09]} h3 {[%clk
0:36:14]} 39. Bf3 {[%clk 0:37:20]} Nxf3 {[%clk 0:28:43]} 40. Nxf3 {[%clk
0:36:56]} Bg4 {[%clk 0:28:30]} 41. Rf2 {[%clk 0:35:57]} Bxf3+ {[%clk 0:27:54]}
42. Rxf3 {[%clk 0:36:08]} Qg2# {[%clk 0:27:57]} 0-1